Bountiful Border States Quiz Stats

 Plays Quiz Updated Feb 15, 2019

     
Support Sporcle.
Go Orange.
Score 0/23 Timer 03:00
1 Play Today
Borders State % Correct
7Kentucky
89.9%
8Tennessee
89.6%
7Colorado
88.3%
5New York
88.3%
5Ohio
86.8%
8Missouri
84%
6Utah
83.5%
5Illinois
83.3%
6Iowa
82.2%
6Oklahoma
82.1%
6Arkansas
81.5%
6Pennsylvania
80.9%
Borders State % Correct
5West Virginia
79.8%
5Virginia
79.4%
6Nebraska
78.5%
6Wyoming
78.4%
5Nevada
78.1%
6Idaho
75.2%
6South Dakota
74.8%
5Arizona
67.5%
5Georgia
66.1%
5New Mexico
66.1%
5Massachusetts
57.1%

From the Vault

You DO Know Latin

by Flick

Apparently we can all understand latin. Who knew?
Remove Ads.
Support Sporcle.
Get the best of Sporcle when you Go Orange. This ad-free experience offers more features, more stats, and more fun while also helping to support Sporcle. Thank you for becoming a member.

Show Comments

Extras

Top Quizzes Today


Score Distribution

Your Account Isn't Verified!

In order to create a playlist on Sporcle, you need to verify the email address you used during registration. Go to your Sporcle Settings to finish the process.

Report this User

Report this user for behavior that violates our Community Guidelines.

Details: